000 00956cam a2200217 4500
001 WB@3612-500
008 040715n2004 000 0 eng u
035 _a(Sirsi) u126796
245 _aLuxury homes sector in Hong Kong
260 _c2004
490 _aSurveyors' Times [Hong Kong Institute of Surveyors]
_v13 (6) June 2004, 30-31 (2)
520 _aLooks at the property market for luxury homes in Hong Kong. Since April 2003, the value of luxury residential properties (those priced HK$7m or above), has on average risen about 66.3% compared with the average increase of 49.6% in small to mid-sized flats. Considers whether the market can sustain this and looks at factors such as international firms sending senior staff to Hong Kong.
590 _aWB
590 _aWB
650 _aHONG KONG
650 _aHOUSE PRICES
650 _aHOUSING MARKET FORECASTS
650 _aLUXURY HOMES MARKET
690 _aHOUSING-MARKET
942 _n0
999 _c117710
_d117710